| 000 | 00547nam a2200205Ia 4500 | ||
|---|---|---|---|
| 008 | 220216s9999 xx 000 0 und d | ||
| 100 | _aSreelatha S | ||
| 245 | 0 | _aBiochemical characterisation of RRII 400 series clones of Hevea brasiliensis | |
| 260 |
_bNatural Rubber Research _c2009 |
||
| 300 | _a36-42 | ||
| 650 | _aAntioxidant enzymes | ||
| 650 | _aC-serum | ||
| 650 | _aLatex regeneration | ||
| 650 | _aRubber yield | ||
| 700 | _aJacob J | ||
| 700 | _aKrishnakumar R | ||
| 700 | _aMydin K K | ||
| 700 | _aSimon S P | ||
| 942 | _cJS | ||
| 999 |
_c54738 _d54738 |
||